01056nam0a22002531 4500001001100000005001700011021001900028035002600047100004100073101000800114102000700122105001800129200018500147210006400332215004000396225004900436320003500485606007400520606009100594700005800685801001800743801002200761852001900783rc\441244920250612074540.0 aRUb[58-55314] a(NLR Aleph) 008564821 a20130416d1958 |||y0rusy50 ca0 arus aRU aa z |||||1 aМикроэлементы и естественные радиоактивные элементы в жизни растений и животныхfАкад. наук СССР aМоскваcИзд-во Акад. наук СССРd1958 a208 с., 1 л. табл.cил.d201 aНаучно-популярная серия aБиблиогр.: с. 198-207 aМикроэлементыxБиологическая роль2psbo aРадиоактивные элементыxБиологическая роль2psbo 1aДробковbА.А.gАнтон Андреевич 0aRUbNLRgpsbo 1aRUbELAR2rusmarc aNLRj58-3/4723